[Event "Bad. Jug-EM 2018 U14"]
[Site "Karlsruhe-Durlach"]
[Date "2018.01.04"]
[Round "5.4"]
[White "Do, Nam"]
[Black "Spillner, Ladis"]
[Result "1-0"]
[WhiteElo "1823"]
[BlackElo "1413"]
[PlyCount "59"]
[EventDate "2018.??.??"]
[WhiteTeam "SK Sandhausen"]
[BlackTeam "FSF 1887 Zähringen"]

1. e4 e5 2. Nf3 Nc6 3. Bc4 Bc5 4. c3 Nf6 5. d3 h6 6. O-O d6 7. h3 O-O 8. Nbd2
Be6 9. Bb5 a6 10. Ba4 b5 11. Bc2 Qd7 12. Nb3 Bb6 13. Kh2 b4 14. Be3 bxc3 15.
bxc3 d5 16. Qe2 d4 17. cxd4 Nxd4 18. Nfxd4 Bxd4 19. Bxd4 exd4 20. Nc5 Qd6+ 21.
e5 Ng4+ 22. hxg4 Qxc5 23. f4 Bxg4 24. Qxg4 Qxc2 25. Rf3 Rab8 26. Rg3 g6 27. f5
Rb6 28. e6 g5 29. Qh5 Qc5 30. Qxh6 1-0

[Event "Bad. Jug-EM 2018 U14"]
[Site "Karlsruhe-Durlach"]
[Date "2018.01.04"]
[Round "5.5"]
[White "Hardt, Anton"]
[Black "Rögner, Lars"]
[Result "1-0"]
[WhiteElo "1723"]
[BlackElo "1243"]
[PlyCount "35"]
[EventDate "2018.??.??"]
[WhiteTeam "SK Mannheim-Lindenhof"]
[BlackTeam "BG Buchen"]

1. e4 e5 2. Nf3 Nc6 3. Bb5 Nge7 4. O-O d6 5. d4 Bd7 6. Nc3 a6 7. Ba4 b5 8. Bb3
g6 9. Ng5 Be6 10. d5 Nd4 11. dxe6 fxe6 12. Nxe6 Qd7 13. Nxd4 exd4 14. Qxd4 Rg8
15. Bxg8 Nxg8 16. Qd5 O-O-O 17. Qxg8 Bh6 18. Qd5 1-0

[Event "Bad. Jug-EM 2018 U14"]
[Site "Karlsruhe-Durlach"]
[Date "2018.01.04"]
[Round "5.6"]
[White "Yurten, Rafael"]
[Black "Straub, Benno"]
[Result "1-0"]
[WhiteElo "1480"]
[BlackElo "1492"]
[PlyCount "95"]
[EventDate "2018.??.??"]
[WhiteTeam "SF Forst"]
[BlackTeam "FSF 1887 Zähringen"]

1. e4 e5 2. Nf3 Nc6 3. d4 exd4 4. Nxd4 Bc5 5. Be3 Qf6 6. c3 Nxd4 7. Bxd4 Bxd4
8. Qxd4 d6 9. Nd2 Qxd4 10. cxd4 Nf6 11. Rc1 c6 12. Bd3 O-O 13. O-O Re8 14. Rfe1
Bg4 15. h3 Bh5 16. Nc4 d5 17. exd5 Nxd5 18. Nd6 Re6 19. Rxe6 fxe6 20. Re1 Bf7
21. Bxh7+ Kxh7 22. Nxf7 Kg6 23. Ne5+ Kf6 24. Nd7+ Ke7 25. Nc5 Nc7 26. Nxb7 Rb8
27. Na5 Rxb2 28. Nxc6+ Kd7 29. Ne5+ Ke7 30. a4 Ra2 31. Rc1 Kd6 32. a5 Nb5 33.
Nc6 Ra4 34. Kh2 Nxd4 35. Nxa7 Rxa5 36. Nc8+ Ke5 37. Ne7 Ra2 38. Rf1 Ke4 39. Kg3
Ne2+ 40. Kg4 Ra4 41. f4 Ra3 42. Rf3 Rxf3 43. gxf3+ Ke3 44. Ng6 Nd4 45. Nf8 Nxf3
46. Nxe6 Nh2+ 47. Kg5 Nf1 48. Nxg7 1-0

[Event "Bad. Jug-EM 2018 U14"]
[Site "Karlsruhe-Durlach"]
[Date "2018.01.04"]
[Round "5.7"]
[White "Kuschminder, Paul"]
[Black "Lauterbach, Kolja"]
[Result "0-1"]
[WhiteElo "1359"]
[BlackElo "1517"]
[PlyCount "76"]
[EventDate "2018.??.??"]
[WhiteTeam "SK Gaienhofen"]
[BlackTeam "FSF 1887 Zähringen"]

1. Nf3 f5 2. d4 Nf6 3. e3 g6 4. b3 Bg7 5. Bb2 O-O 6. c4 d6 7. Nbd2 Qe8 8. Rc1
Nbd7 9. Bd3 e5 10. Bb1 e4 11. Ng1 Nh5 12. Ne2 f4 13. Bxe4 fxe3 14. fxe3 Ndf6
15. Bf3 Qxe3 16. Nf1 Qe7 17. Nd2 Bg4 18. O-O Bxf3 19. Nxf3 Ng4 20. Qd3 Rae8 21.
Rfe1 Qf7 22. Rb1 Nf4 23. Qd2 Nxg2 24. Rf1 N2e3 25. Ng3 Nxf1 26. Rxf1 Re3 27.
Qd1 Rxf3 28. Rxf3 Qxf3 29. Qxf3 Rxf3 30. Ba1 Rd3 31. Kg2 Bxd4 32. Bxd4 Rxd4 33.
Kf3 Nxh2+ 34. Ke3 Rd1 35. Kf4 Rf1+ 36. Nxf1 Nxf1 37. Kg5 Kg7 38. Kf4 Kf6 0-1

[Event "Bad. Jug-EM 2018 U14"]
[Site "Karlsruhe-Durlach"]
[Date "2018.01.04"]
[Round "5.8"]
[White "Wehrle, Maximilian"]
[Black "Wunsch, Louis"]
[Result "0-1"]
[WhiteElo "1212"]
[BlackElo "1007"]
[PlyCount "181"]
[EventDate "2018.??.??"]
[WhiteTeam "SC Brombach"]
[BlackTeam "SG Kuppenheim"]

1. e4 c6 2. Nf3 d5 3. exd5 cxd5 4. d4 a6 5. Be2 Bf5 6. O-O Nc6 7. a3 g6 8. Be3
Bg7 9. c4 Nf6 10. Nc3 O-O 11. c5 Qe8 12. Qb3 Qd7 13. Na4 Qc7 14. h3 e5 15. dxe5
Nxe5 16. Nxe5 Qxe5 17. f4 Qe6 18. Bf3 Ne4 19. Bxe4 dxe4 20. Qxe6 Bxe6 21. Nb6
Rad8 22. Rab1 Bd4 23. Bxd4 Rxd4 24. b4 Rd3 25. a4 Rg3 26. Kh2 Ra3 27. b5 Rc3
28. Rbc1 Rd3 29. c6 bxc6 30. bxc6 Rdd8 31. c7 Rde8 32. Rc3 Bc8 33. Rd1 Bf5 34.
Kg1 Kg7 35. Rd5 e3 36. Kf1 Be6 37. Re5 f6 38. Rxe6 Rxe6 39. c8=Q Rxc8 40. Nxc8
g5 41. f5 Re5 42. g4 h5 43. Ke2 Re4 44. Ra3 hxg4 45. hxg4 Rxg4 46. Kf3 Rf4+ 47.
Kxe3 Rxf5 48. Ke4 Re5+ 49. Kf3 Kg6 50. Nd6 Kh5 51. Ra1 f5 52. Rh1+ Kg6 53. Rd1
Ra5 54. Ra1 Kf6 55. Nc4 Rc5 56. Nd2 Rc3+ 57. Ke2 Ke5 58. Nf3+ Kf4 59. Nd2 g4
60. Rf1+ Ke5 61. Ra1 f4 62. Rf1 Re3+ 63. Kd1 Rd3 64. Ke2 Rd4 65. Ra1 f3+ 66.
Nxf3+ gxf3+ 67. Kxf3 Kd5 68. Ke3 a5 69. Ra3 Kc4 70. Ra1 Rd6 71. Rb1 Rd3+ 72.
Ke4 Ra3 73. Rd1 Rxa4 74. Rc1+ Kb3+ 75. Kd3 Ra3 76. Rc3+ Kb4 77. Rxa3 Kxa3 78.
Kc3 a4 79. Kc2 Ka2 80. Kc1 Kb3 81. Kb1 Ka3 82. Ka1 Kb3 83. Kb1 Kc3 84. Ka2 Kb4
85. Kb2 a3+ 86. Ka2 Ka4 87. Ka1 Kb3 88. Kb1 Kc3 89. Ka2 Kb4 90. Ka1 Kb3 91. Kb1
0-1